01058nam a2200325 a 4500003000900000005001700009008004100026040001300067245004100080250001200121260003300133300002300166490005900189500006900248650002700317650002600344650002700370650001900397650002800416650001300444650002200457650002200479650002700501650002700528700003100555700003400586700003300620700003700653800004200690AR-BaBNM20251128204428.0082120s2002 ||||||||||||||000 | spa|| cAR-BaBNM00aTécnicas de evaluación educativa a2ª ed. aBuenos AiresbDocenciac1986 a86 p.bil., diagr. 0aCongreso pedagógico. Compromiso y creatividadvv. 57 aContiene referencias bibliográficas en notas a pie de página 4aPROCESO DE APRENDIZAJE 4aMETODOS DE EVALUACION 4aTECNICAS DE EVALUACION 4aAUTOEVALUACION 4aOBJETIVOS EDUCACIONALES 4aEXAMENES 4aPRUEBAS OBJETIVAS 4aPRUEBAS ESCOLARES 4aPRUEBAS DE RENDIMIENTO 4aELABORACION DE PRUEBAS1 aBeltrán de Tena, Rosario1 aEscudero Muñoz, Juan Manuel1 aMartínez Sánchez, Amparo1 aRodríguez Dieguez, José Luis1 aGómez de Mier, Eugenioecoordinador